Balmaceda o el alma política de un pueblo

Sparad:
Bibliografiska uppgifter
Huvudupphovsman: Guiñazú, H. R. (Författare, medförfattare)
Materialtyp: Bok
Språk:spanska
Publicerad: Santiago Imprenta Universitaria, Bandera, 130 p 1910
Upplaga:1a. ed
Ämnen:
Taggar: Lägg till en tagg
Inga taggar, Lägg till första taggen!

MARC

LEADER 00000nam a2200000 a 4500
001 UCJ4701
003 CL-VaPUC
008 070124e19100000CL |||||||||||||||||spa|d
082 0 4 |a 983  |b GUI  |2 21 
100 |a Guiñazú, H. R.  |e author  |9 508859 
245 1 0 |a Balmaceda o el alma política de un pueblo 
250 |a 1a. ed 
300 |a 160 p 
942 |c BK 
945 |d 20070124 00:00:00  |a rinostro 
260 |a Santiago  |b Imprenta Universitaria, Bandera, 130 p  |c 1910 
600 0 |a Balmaceda Fernández, José Manuel,  |d 1840-1891  |9 315369 
650 0 |a Presidentes de Chile  |9 268293 
650 7 |a GUERRA CIVIL DE 1891  |2 CL-VaPUC  |9 408173 
650 0 |a Historia de Chile  |9 265473 
583 |a last modification  |c 20070124 00:00:00  |k Rodrigo Vera 
999 |c 320817  |d 320815 
952 |0 0  |1 0  |4 0  |6 983_000000000000000_GUI_1910  |7 0  |8 X  |9 399420  |a FDOBUD  |b FDOBUD  |d 2019-11-22  |i 1023624  |o 983 GUI 1910  |p 1023624  |r 2019-11-22  |w 2019-11-22  |y BK_X  |k BUD